| 000 | 00377pab a2200157 454500 | ||
|---|---|---|---|
| 008 | 180718b2008 xxu||||| |||| 00| 0 eng d | ||
| 100 | _aMall, C.P. | ||
| 245 | _aManaging default risk in agricultural lending | ||
| 260 | _c2008 | ||
| 300 | _ap.786-88. | ||
| 362 | _aOct | ||
| 650 | _aAgricultural credit | ||
| 773 | _aManagement Accountant | ||
| 908 | _aN | ||
| 909 | _a79755 | ||
| 999 |
_c79755 _d79755 |
||